Culture générale : Pays - Statistiques

Statistiques générales
  • Ce quiz a été pris 161 fois
  • Le résultat moyen est 13 sur 15
Statistiques - réponses
questions réponses % Correct
quel pays a la forme d'une botte? italie
100%
dans quel pays est situé sao paulo? brésil
96%
la jordanie se situe sur quel continent? asie
95%
combien d'états composent les états-unis? 50
94%
dans quel pays sont situées les villes d'adélaïde et de melbourne? australie
94%
dans quel pays est situé séville? espagne
94%
quel est le pays manquant pour constituer le royaume-uni : angleterre, irlande du nord, pays de galles ? écosse
92%
quel est le seul pays qui commence par Y ? yemen
92%
dans quelle ville française y a-t-il le parlement européen? strasbourg
91%
quelle est la capitale de singapour? singapour
90%
dans quel pays actuel il y a eu les villes de byzance, puis constantinople? turquie
87%
dans quel pays y a-t-il la ville de louvain? belgique
75%
quelle est la capitale du népal? katmandou
62%
à quel pays appartient l'île de pâques? chili
60%
quel île a pour capitale malé? maldives
46%
Aucun quiz correspondant
Distribution des résultats
% des personnes avec chaque résultat
Percentile par nombre de réponses
Votre historique - résultats
Vous n’avez pas pris ce quiz